Análisis químico cuantitativo

Bewaard in:
Bibliografische gegevens
Hoofdauteur: Harris, Daniel C (Auteur)
Formaat: Boek
Taal:Spaans
Gepubliceerd in: Barcelona, España Reverté 2007
Editie:3a. edición
Onderwerpen:
Online toegang:Disponible Online
Tags: Voeg label toe
Geen labels, Wees de eerste die dit record labelt!

MARC

LEADER 00000nam a2200000 a 4500
001 UCI3524
003 CL-VaPUC
005 20210705133548.0
008 071109e20070000SP |||||||||||||||||spa|d
999 |c 327677  |d 327675 
020 |a 8429172246 
040 |c Pontificia Universidad Católica de Valparaíso 
082 0 4 |a 545 HAR 2007  |2 21 
100 |a Harris, Daniel C  |e author  |9 471792 
245 1 0 |a Análisis químico cuantitativo 
250 |a 3a. edición  
260 |a Barcelona, España   |b Reverté  |c 2007 
300 |a 744 páginas  
583 |a last modification  |c 20170518 12:58:24  |k Rodrigo Vera 
650 0 |a Química analítica cuantitativa  |2 CL-VaPUC  |9 259571 
650 0 |a Equilibrio químico   |9 259943 
650 0 |a Voltametría   |2 CL-VaPUC  |9 339676 
650 0 |a Espectrofotometría  |2 CL-VaPUC  |9 360575 
650 0 |a Espectrofotómetros  |2 CL-VaPUC  |9 359810 
650 0 |a Espectroscopia atómica  |2 CL-VaPUC  |9 373205 
650 0 |a Cromatografía de gases  |2 CL-VaPUC  |9 262812 
650 0 |a Cromatografía líquida  |2 CL-VaPUC  |9 263939 
650 0 |a Análisis gravimétrico   |2 CL-VaPUC  |9 345155 
856 |u http://bibliografiadigital.pucv.cl.pucv.idm.oclc.org/index.php/bibliotecapucv/catalog/book/553  |y Disponible Online  
942 |c BK  |2 ddc 
945 |d 20071109 00:00:00  |a jtorresc 
952 |0 0  |1 0  |2 ddc  |4 0  |6 545_000000000000000_HAR_2007  |7 0  |8 A  |9 410833  |a BIBCUR  |b BIBCUR  |d 2019-11-22  |i 4385799  |l 2  |o 545 HAR 2007  |p 4385799  |r 2025-04-22  |s 2023-03-27  |w 2019-11-22  |y BK  |k QUI 
952 |0 0  |1 0  |4 0  |6 545_000000000000000_HAR_2007  |7 0  |8 A  |9 410834  |a BIBCUR  |b BIBCUR  |d 2019-11-22  |i 4385802  |l 4  |o 545 HAR 2007  |p 4385802  |r 2025-05-09  |s 2025-04-30  |w 2019-11-22  |y BK  |k QUI 
952 |0 0  |1 0  |4 0  |6 545_000000000000000_HAR_2007  |7 0  |8 A  |9 410835  |a BIBCUR  |b BIBCUR  |d 2019-11-22  |i 4385810  |l 1  |o 545 HAR 2007  |p 4385810  |r 2025-04-22  |s 2022-05-27  |w 2019-11-22  |y BK  |k QUI 
952 |0 0  |1 0  |4 0  |6 545_000000000000000_HAR_2007  |7 0  |8 A  |9 410836  |a BIBCUR  |b BIBCUR  |d 2019-11-22  |i 4385829  |l 3  |m 1  |o 545 HAR 2007  |p 4385829  |r 2025-04-30  |s 2025-04-15  |w 2019-11-22  |y BK  |k QUI 
952 |0 0  |1 0  |4 0  |6 545_000000000000000_HAR_2007  |7 0  |8 A  |9 410837  |a BIBCUR  |b BIBCUR  |d 2019-11-22  |i 4607147  |l 7  |m 4  |o 545 HAR 2007  |p 4607147  |r 2025-04-22  |s 2024-05-23  |w 2019-11-22  |y BK  |k QUI 
952 |0 0  |1 0  |4 0  |6 545_000000000000000_HAR_2007  |7 0  |8 A  |9 410838  |a BIBCUR  |b BIBCUR  |d 2019-11-22  |i 4607155  |l 1  |o 545 HAR 2007  |p 4607155  |q 2025-05-14  |r 2025-05-07  |s 2025-05-07  |w 2019-11-22  |y BK  |k QUI 
952 |0 0  |1 0  |4 0  |6 545_000000000000000_HAR_2007  |7 0  |8 A  |9 410839  |a BIBCUR  |b BIBCUR  |d 2019-11-22  |i 4607163  |l 4  |m 1  |o 545 HAR 2007  |p 4607163  |q 2025-05-13  |r 2025-04-29  |s 2025-04-29  |w 2019-11-22  |y BK  |k QUI 
952 |0 0  |1 0  |2 ddc  |4 0  |6 545_000000000000000_HAR_2007  |7 0  |8 A  |9 410840  |a BIBCUR  |b BIBCUR  |d 2019-11-22  |i 4607171  |l 2  |o 545 HAR 2007  |p 4607171  |r 2025-04-22  |s 2025-03-20  |w 2019-11-22  |y BK  |k QUI 
952 |0 0  |1 0  |4 0  |6 545_000000000000000_HAR_2007  |7 0  |8 A  |9 410841  |a BIBCUR  |b BIBCUR  |d 2019-11-22  |i 460718K  |l 13  |o 545 HAR 2007  |p 460718K  |r 2025-04-22  |s 2025-04-15  |w 2019-11-22  |y BK  |k QUI 
952 |0 0  |1 0  |4 0  |6 545_000000000000000_HAR_2007  |7 0  |8 A  |9 410843  |a BIBCUR  |b BIBCUR  |d 2019-11-22  |i 4725646  |l 3  |o 545 HAR 2007  |p 4725646  |r 2025-04-22  |s 2024-09-04  |w 2019-11-22  |y BK  |k QUI 
952 |0 0  |1 0  |4 0  |6 545_000000000000000_HAR_2007  |7 0  |8 A  |9 410844  |a BIBCUR  |b BIBCUR  |d 2019-11-22  |i 4725654  |l 8  |m 2  |o 545 HAR 2007  |p 4725654  |q 2025-05-14  |r 2025-05-07  |s 2025-05-07  |w 2019-11-22  |y BK  |k QUI 
952 |0 0  |1 0  |4 0  |6 545_000000000000000_HAR_2007  |7 0  |8 A  |9 410845  |a BIBCUR  |b BIBCUR  |d 2019-11-22  |i 4725662  |l 1  |o 545 HAR 2007  |p 4725662  |r 2025-04-22  |s 2022-03-24  |w 2019-11-22  |y BK  |k QUI 
952 |0 0  |1 0  |4 0  |6 545_000000000000000_HAR_2007  |7 0  |8 A  |9 410846  |a BIBCUR  |b BIBCUR  |d 2019-11-22  |i 4725670  |l 6  |o 545 HAR 2007  |p 4725670  |r 2025-04-22  |s 2023-11-16  |w 2019-11-22  |y BK  |k QUI